[Event "59582 II. Sinus IM"]
[Site "Budapest, Hungary"]
[Date "2011.08.20"]
[Round "1"]
[White "Kantor, Gergely"]
[Black "Galyas, Miklos"]
[Result "1/2-1/2"]
[WhiteElo "2255"]
[BlackElo "2433"]
[PlyCount "46"]
[EventDate "2011.??.??"]
1. e4 c5 2. Nf3 d6 3. d4 cxd4 4. Nxd4 Nf6 5. Nc3 a6 6. Be3 e5 7. Nb3 Be7 8. f3
Be6 9. Qd2 O-O 10. O-O-O Nbd7 11. g4 b5 12. g5 b4 13. Ne2 Ne8 14. f4 a5 15. f5
a4 16. fxe6 axb3 17. exf7+ Rxf7 18. cxb3 Rxa2 19. Ng3 Rxf1 20. Rhxf1 Ra1+ 21.
Kc2 Qc8+ 22. Kd3 Qa6+ 23. Kc2 Qc6+ 1/2-1/2

[Event "59582 II. Sinus IM"]
[Site "Budapest, Hungary"]
[Date "2011.08.20"]
[Round "1"]
[White "Ondozi, Murtez"]
[Black "Keschitz, Gyorgy"]
[Result "1/2-1/2"]
[WhiteElo "2355"]
[BlackElo "2307"]
[PlyCount "203"]
[EventDate "2011.??.??"]
1. d4 Nf6 2. c4 g6 3. Nc3 Bg7 4. e4 d6 5. Nf3 O-O 6. h3 c6 7. Be3 a6 8. a4 a5
9. Bd3 Na6 10. O-O Nd7 11. Qd2 e5 12. Bh6 Bxh6 13. Qxh6 f6 14. Qd2 Qb6 15. c5
dxc5 16. Bc4+ Kg7 17. dxe5 Nxe5 18. Nxe5 fxe5 19. f4 Qd8 20. Qxd8 Rxd8 21. fxe5
Rd4 22. b3 Rxc4 23. bxc4 Be6 24. Rad1 Nb4 25. Rf6 Re8 26. Rd6 Bc8 27. Rf2 b6
28. Rfd2 Re7 29. Rd8 Ba6 30. Rb8 Bb7 31. Kh2 Kf7 32. Rd6 Na6 33. e6+ Kf6 34.
Rh8 Nb4 35. Kg3 Ba6 36. Rb8 Ke5 37. Rd7 Rxe6 38. Rxb6 Bxc4 39. Rb8 h5 40. Ra8
Ba6 41. Kh4 Kf4 42. Rf8+ Ke5 43. Kg5 Bd3 44. Ra8 Bxe4 45. Rxa5 Bxg2 46. Rxc5+
Nd5 47. Ne2 Bxh3 48. a5 Re8 49. Rb7 Bg4 50. Rc2 Ra8 51. Ra2 Ra6 52. Kxg6 c5+
53. Kg5 c4 54. Rb5 Bd7 55. Rc5 Rc6 56. Rxc6 Bxc6 57. a6 Ke4 58. Ra3 Ke5 59. a7
Nc7 60. Ra5+ Kd6 61. Nd4 Ba8 62. Kxh5 Nd5 63. Rb5 Nc7 64. Rb8 Kc5 65. Nc2 Be4
66. Na3 c3 67. Kg4 c2 68. Nxc2 Bxc2 69. Rc8 Be4 70. Kf4 Bb7 71. Rxc7+ Kb6 72.
Rg7 Kxa7 73. Ke5 Kb6 74. Kd6 Bc6 75. Rg1 Be4 76. Rg4 Bf3 77. Rb4+ Ka5 78. Kc5
Ka6 79. Rb6+ Ka7 80. Rf6 Be4 81. Rf4 Bg2 82. Kb5 Kb7 83. Rf7+ Kc8 84. Kc5 Kb8
85. Rg7 Bf3 86. Kd6 Be4 87. Rg8+ Kb7 88. Rg4 Bf3 89. Rb4+ Kc8 90. Rc4+ Kb7 91.
Rc7+ Kb8 92. Kd7 Be4 93. Kd8 Bf3 94. Rc3 Bd5 95. Rd3 Be4 96. Rd4 Bf3 97. Rb4+
Ka7 98. Kc7 Ka6 99. Kd6 Ka7 100. Rb3 Be4 101. Re3 Bg2 102. Kc7 1/2-1/2

[Event "59582 II. Sinus IM"]
[Site "Budapest, Hungary"]
[Date "2011.08.20"]
[Round "1"]
[White "Zentai, Peter"]
[Black "Csonka, Balazs"]
[Result "1/2-1/2"]
[WhiteElo "2311"]
[BlackElo "2264"]
[PlyCount "65"]
[EventDate "2011.??.??"]
1. d4 d5 2. c4 c6 3. Nf3 Nf6 4. e3 Bg4 5. Qb3 Qb6 6. Nc3 e6 7. Nh4 Nbd7 8. h3
Bh5 9. Bd2 Be7 10. g4 Bg6 11. Nxg6 hxg6 12. Bg2 O-O-O 13. c5 Qxb3 14. axb3 a6
15. f4 Rde8 16. Kf2 Bd8 17. Bf3 Bc7 18. Kg2 Rh7 19. b4 Reh8 20. Rae1 Kd8 21.
Re2 Ng8 22. e4 Ndf6 23. e5 Ne8 24. Ree1 Kd7 25. Be2 Bd8 26. Bd3 Bh4 27. Ref1
Ne7 28. Rf3 Nc7 29. Rhf1 Ke8 30. Be3 f6 31. Ne2 f5 32. Nc1 Nb5 33. Nb3 1/2-1/2

[Event "59582 II. Sinus IM"]
[Site "Budapest, Hungary"]
[Date "2011.08.20"]
[Round "1"]
[White "Brustkern, Juergen"]
[Black "Kormos, Adam"]
[Result "1/2-1/2"]
[WhiteElo "2281"]
[BlackElo "2202"]
[PlyCount "99"]
[EventDate "2011.??.??"]
1. e4 c5 2. c3 Nf6 3. e5 Nd5 4. d4 cxd4 5. Nf3 e6 6. cxd4 b6 7. Nc3 Nxc3 8.
bxc3 Qc7 9. Bd2 Be7 10. Bd3 Bb7 11. O-O Ba6 12. Bxa6 Nxa6 13. Qe2 Nb8 14. Qe4
Qc6 15. Qg4 Kf8 16. c4 h5 17. Qf4 d5 18. exd6 Bxd6 19. Qh4 Be7 20. Qf4 Bd6 21.
Ne5 Bxe5 22. Bb4+ Kg8 23. dxe5 Na6 24. a3 Nc5 25. Rfd1 Qc7 26. Bxc5 bxc5 27.
Rd6 Kh7 28. Rad1 Rhf8 29. h4 Kg8 30. Qg5 Qa5 31. R1d3 Qe1+ 32. Kh2 Qe4 33. Rg3
g6 34. Qxh5 Kg7 35. Qg5 Qf5 36. Qxf5 exf5 37. Rd5 Rac8 38. Rgd3 Rh8 39. g3 g5
40. Rd7 gxh4 41. Rxa7 Rce8 42. Rd5 Re6 43. Rdd7 Rxe5 44. Rxf7+ Kg6 45. Rae7
hxg3+ 46. Kxg3 f4+ 47. Kf3 Rh3+ 48. Kg2 Rxe7 49. Rxe7 Rc3 50. Re5 1/2-1/2

[Event "59582 II. Sinus IM"]
[Site "Budapest, Hungary"]
[Date "2011.08.21"]
[Round "2"]
[White "Galyas, Miklos"]
[Black "Roos, Jean-Luc"]
[Result "1-0"]
[WhiteElo "2433"]
[BlackElo "2207"]
[PlyCount "81"]
[EventDate "2011.??.??"]
1. d4 e6 2. e4 d5 3. Nc3 Bb4 4. e5 c5 5. Qg4 Ne7 6. dxc5 Nbc6 7. Qxg7 Rg8 8.
Qxh7 d4 9. a3 Qa5 10. Rb1 dxc3 11. Be3 cxb2+ 12. axb4 Nxb4 13. c3 Nbd5 14. Bd2
Qxc5 15. Nf3 Bd7 16. Rxb2 Bc6 17. c4 Qa3 18. Qc2 Nb6 19. Ra2 Be4 20. Rxa3 Bxc2
21. Nd4 Be4 22. Nb5 Kd7 23. f3 Bg6 24. Nd6 Nc6 25. Bc3 f6 26. f4 fxe5 27. fxe5
Kc7 28. Be2 Nd7 29. Nb5+ Kb8 30. O-O Ndxe5 31. Bxe5+ Nxe5 32. Re3 Nd7 33. Rd1
Nc5 34. Rg3 Kc8 35. Rg5 Ne4 36. Rxg6 Rxg6 37. Bd3 a6 38. Bxe4 Rg4 39. Bf3 Rg5
40. Nd4 Rg6 41. Nxe6 1-0

[Event "59582 II. Sinus IM"]
[Site "Budapest, Hungary"]
[Date "2011.08.21"]
[Round "2"]
[White "Kormos, Adam"]
[Black "Chetverik, Maxim"]
[Result "1/2-1/2"]
[WhiteElo "2202"]
[BlackElo "2296"]
[PlyCount "93"]
[EventDate "2011.??.??"]
1. e4 Nf6 2. e5 Nd5 3. d4 d6 4. c4 Nb6 5. exd6 cxd6 6. Nc3 g6 7. Be3 Bg7 8. Rc1
O-O 9. b3 Bf5 10. Nge2 Nc6 11. d5 Ne5 12. Nd4 Nbd7 13. Be2 Nc5 14. Nxf5 gxf5
15. Qd2 Ne4 16. Nxe4 fxe4 17. O-O f5 18. f3 exf3 19. Bxf3 b6 20. Bh5 Qd7 21. a4
Rab8 22. Rc3 Kh8 23. Bd4 e6 24. dxe6 Qxe6 25. Bf3 Qf6 26. Bd5 Rbe8 27. Rd1 f4
28. Rh3 Qf5 29. Bf3 Qxh3 30. Bxe5 Qh6 31. Bxg7+ Kxg7 32. a5 bxa5 33. Qd4+ Qf6
34. Qxa7+ Qe7 35. Qxe7+ Rxe7 36. Rxd6 Rb8 37. Ra6 Re5 38. Bd5 Rxb3 39. Rxa5 Re2
40. Ra1 Kf6 41. h4 Kf5 42. Bf3 Re5 43. Kh2 Rc3 44. Ra7 Rxc4 45. Rxh7 Re1 46.
Rh5+ Kf6 47. Kh3 1/2-1/2

[Event "59582 II. Sinus IM"]
[Site "Budapest, Hungary"]
[Date "2011.08.21"]
[Round "2"]
[White "Csonka, Balazs"]
[Black "Brustkern, Juergen"]
[Result "0-1"]
[WhiteElo "2264"]
[BlackElo "2281"]
[PlyCount "90"]
[EventDate "2011.??.??"]
1. d4 d6 2. e4 g6 3. c4 Bg7 4. Nc3 Nc6 5. d5 Nd4 6. Be3 c5 7. Nge2 Qb6 8. Qd2
Nxe2 9. Bxe2 Nf6 10. h3 O-O 11. O-O Ne8 12. b3 Qa5 13. Rfc1 a6 14. Bh6 Bd7 15.
Bxg7 Kxg7 16. a3 Qd8 17. b4 b6 18. f4 e5 19. Rf1 Ra7 20. Rf2 exf4 21. Rxf4 Qe7
22. Raf1 Rc7 23. Kh1 Qe5 24. R4f3 f6 25. Rb1 Rf7 26. bxc5 bxc5 27. Bd3 h5 28.
Ne2 Kh7 29. Rff1 Bc8 30. Rb8 Ng7 31. Ng1 Rfe7 32. Nf3 Qg3 33. e5 Rxe5 34. Nxe5
Qxe5 35. Re1 Qd4 36. Qa5 Qxd3 37. Qxc7 Bxh3 38. Qxg7+ Kxg7 39. Re7+ Kh6 40.
Rh8+ Kg5 41. gxh3 Qxh3+ 42. Kg1 Qg3+ 43. Kf1 Qf3+ 44. Kg1 Qg4+ 45. Kf2 Qd4+ 0-1

[Event "59582 II. Sinus IM"]
[Site "Budapest, Hungary"]
[Date "2011.08.21"]
[Round "2"]
[White "Keschitz, Gyorgy"]
[Black "Zentai, Peter"]
[Result "1-0"]
[WhiteElo "2307"]
[BlackElo "2311"]
[PlyCount "91"]
[EventDate "2011.??.??"]
1. g3 d5 2. Bg2 Nf6 3. d3 c6 4. Nd2 e5 5. e3 Bd6 6. Ngf3 O-O 7. O-O Re8 8. h3
h6 9. Qe2 Bf5 10. e4 Bh7 11. Nh2 Nbd7 12. Ng4 Qc7 13. Re1 Rad8 14. Nf1 dxe4 15.
dxe4 Nxg4 16. hxg4 Nc5 17. b3 Ne6 18. Ne3 Bb4 19. Rd1 Rxd1+ 20. Nxd1 Rd8 21. c3
Bf8 22. Nb2 Bg6 23. b4 a5 24. a3 Ra8 25. Rb1 b5 26. Nd3 f6 27. Be3 Bf7 28. f4
axb4 29. axb4 Bd6 30. Qd2 Nf8 31. f5 Nd7 32. Qc1 Ra6 33. Ra1 Qb7 34. Qd1 Bf8
35. Nb2 Rxa1 36. Qxa1 c5 37. Qa5 Qc6 38. c4 bxc4 39. b5 Qb6 40. Qa6 Bd6 41. Bf1
c3 42. Na4 Qb8 43. Qc6 Qc7 44. Nxc3 Qxc6 45. bxc6 Nb8 46. Nb5 1-0

[Event "59582 II. Sinus IM"]
[Site "Budapest, Hungary"]
[Date "2011.08.21"]
[Round "2"]
[White "Kantor, Gergely"]
[Black "Ondozi, Murtez"]
[Result "0-1"]
[WhiteElo "2255"]
[BlackElo "2355"]
[PlyCount "102"]
[EventDate "2011.??.??"]
1. d4 d5 2. c4 c6 3. Nf3 Nf6 4. e3 Bf5 5. cxd5 cxd5 6. Qb3 Qb6 7. Qxb6 axb6 8.
Nc3 Nc6 9. Bb5 Bd7 10. Bd2 Ra5 11. a4 e6 12. Ne5 Bd6 13. Nxd7 Kxd7 14. f3 Rha8
15. Rc1 Ne8 16. Ke2 Nc7 17. b3 R5a7 18. Kf2 Bb4 19. Be2 Re8 20. Rhd1 Raa8 21.
Nb5 Bxd2 22. Rxd2 Rac8 23. Nxc7 Rxc7 24. Rdc2 Rec8 25. Bd3 Kd6 26. Ke2 g6 27.
Kd2 f6 28. f4 Na5 29. Rxc7 Nxb3+ 30. Kd1 Rxc7 31. Rb1 Rc3 32. Bc2 Na5 33. Rxb6+
Kc7 34. Rxe6 Nc4 35. Bb1 Rb3 36. Kc1 Rxe3 37. Rxe3 Nxe3 38. g3 Nf1 39. Bd3 Nxh2
40. a5 Nf3 41. a6 bxa6 42. Bxa6 Nxd4 43. Kd2 Kd6 44. g4 g5 45. Ke3 Ne6 46. fxg5
fxg5 47. Bc8 Ke5 48. Kf3 h6 49. Bb7 Nc5 50. Bc8 Kd4 51. Bf5 Kc3 0-1

[Event "59582 II. Sinus IM"]
[Site "Budapest, Hungary"]
[Date "2011.08.22"]
[Round "3"]
[White "Ondozi, Murtez"]
[Black "Galyas, Miklos"]
[Result "1/2-1/2"]
[WhiteElo "2355"]
[BlackElo "2433"]
[PlyCount "27"]
[EventDate "2011.??.??"]
1. d4 d5 2. c4 c6 3. cxd5 cxd5 4. Nc3 Nf6 5. Nf3 Nc6 6. e3 e6 7. Bd3 Bd6 8. O-O
O-O 9. a3 e5 10. dxe5 Nxe5 11. Nxe5 Bxe5 12. Be2 Be6 13. Nb5 Qb6 14. Nd4
1/2-1/2

[Event "59582 II. Sinus IM"]
[Site "Budapest, Hungary"]
[Date "2011.08.22"]
[Round "3"]
[White "Zentai, Peter"]
[Black "Kantor, Gergely"]
[Result "1/2-1/2"]
[WhiteElo "2311"]
[BlackElo "2255"]
[PlyCount "87"]
[EventDate "2011.??.??"]
1. d4 Nf6 2. c4 e6 3. Nc3 Bb4 4. Qc2 Nc6 5. Nf3 d6 6. g3 O-O 7. a3 Bxc3+ 8.
Qxc3 Qe7 9. Bg2 e5 10. d5 Nb8 11. Nd2 c6 12. O-O Bg4 13. Re1 cxd5 14. cxd5 Na6
15. b4 Rac8 16. Qb3 Rc7 17. e4 Rfc8 18. Bf1 Nb8 19. Bb2 Nbd7 20. f3 Bh5 21. Nc4
Bg6 22. Rac1 Qf8 23. Qe3 b6 24. Rc3 Ne8 25. g4 Qe7 26. Rec1 h6 27. Be2 Nf8 28.
Kg2 Bh7 29. Nd2 Ng6 30. Kh1 Nf4 31. Bf1 h5 32. gxh5 f5 33. Rc6 Nf6 34. Ba6 Rxc6
35. dxc6 Rc7 36. Bc4+ Kh8 37. b5 N6xh5 38. Qf2 Nh3 39. Qg2 Qh4 40. Bf1 N5f4 41.
Qg3 Nf2+ 42. Kg1 N2h3+ 43. Kh1 Nf2+ 44. Kg1 1/2-1/2

[Event "59582 II. Sinus IM"]
[Site "Budapest, Hungary"]
[Date "2011.08.22"]
[Round "3"]
[White "Brustkern, Juergen"]
[Black "Keschitz, Gyorgy"]
[Result "0-1"]
[WhiteElo "2281"]
[BlackElo "2307"]
[PlyCount "60"]
[EventDate "2011.??.??"]
1. e4 c5 2. c3 d5 3. exd5 Qxd5 4. d4 e6 5. Nf3 Nf6 6. Be3 cxd4 7. cxd4 Nc6 8.
Nc3 Qa5 9. a3 Bd6 10. Be2 O-O 11. O-O h6 12. Nb5 Qd8 13. Qd2 Nd5 14. Bd3 Nxe3
15. fxe3 Bb8 16. Rad1 Bd7 17. Kh1 Ne7 18. e4 f5 19. Nc3 fxe4 20. Bxe4 Bf4 21.
Qe2 Qc7 22. Ne5 Bxe5 23. dxe5 Nc6 24. Rfe1 Nxe5 25. Bc2 Bc6 26. h3 Nf3 27.
Qxe6+ Kh8 28. Rd6 Nxe1 29. Qxh6+ gxh6 30. Rxh6+ Kg8 0-1

[Event "59582 II. Sinus IM"]
[Site "Budapest, Hungary"]
[Date "2011.08.22"]
[Round "3"]
[White "Chetverik, Maxim"]
[Black "Csonka, Balazs"]
[Result "0-1"]
[WhiteElo "2296"]
[BlackElo "2264"]
[PlyCount "128"]
[EventDate "2011.??.??"]
1. d4 c6 2. c4 d5 3. cxd5 cxd5 4. Bf4 Nc6 5. e3 Nf6 6. Nc3 Bf5 7. Bb5 e6 8. Qa4
Qb6 9. Nf3 Be7 10. O-O O-O 11. Bxc6 bxc6 12. Qb3 Rfc8 13. Rfc1 Qa6 14. h3 Ne4
15. Nxe4 Bxe4 16. Nd2 Bg6 17. Qd1 c5 18. dxc5 Bxc5 19. Nb3 Be7 20. Be5 f6 21.
Rxc8+ Rxc8 22. Bc3 Bf7 23. Nd4 e5 24. Nf5 Bf8 25. a3 Be6 26. Ng3 Bc5 27. Rc1
Bb6 28. Bb4 d4 29. Rxc8+ Qxc8 30. exd4 exd4 31. Ne4 Qc6 32. f3 Bd5 33. Nf2 a5
34. Be1 Qb5 35. b4 axb4 36. Bxb4 d3 37. Qd2 Bc4 38. Kf1 Qe5 39. Nxd3 Qh2 40.
Ke2 Qxg2+ 41. Kd1 Qxf3+ 42. Kc2 Qxh3 43. Nc5 Bxc5 44. Qd8+ Kf7 45. Qc7+ Kg6 46.
Bxc5 Qd3+ 47. Kc1 Qc3+ 48. Kd1 Be6 49. Ke2 Bg4+ 50. Kf1 Qd3+ 51. Kg2 Qf3+ 52.
Kh2 Bh3 53. Qg3+ Qxg3+ 54. Kxg3 Bd7 55. Bf8 Kf7 56. Bc5 g5 57. Bd4 Kg6 58. Bb6
Kf5 59. Bd8 h5 60. Bc7 h4+ 61. Kf3 Bc6+ 62. Kf2 Kg4 63. Bd6 f5 64. Bc7 f4 0-1

[Event "59582 II. Sinus IM"]
[Site "Budapest, Hungary"]
[Date "2011.08.22"]
[Round "3"]
[White "Roos, Jean-Luc"]
[Black "Kormos, Adam"]
[Result "1/2-1/2"]
[WhiteElo "2207"]
[BlackElo "2202"]
[PlyCount "85"]
[EventDate "2011.??.??"]
1. e4 c5 2. Nc3 Nc6 3. g3 g6 4. Bg2 Bg7 5. d3 d6 6. f4 e6 7. Nf3 Nge7 8. O-O
O-O 9. Be3 b6 10. Bf2 Ba6 11. Re1 Rc8 12. Qd2 Qc7 13. a4 Nd4 14. Rec1 Nec6 15.
Nxd4 Nxd4 16. Kh1 Qd7 17. Rab1 Bb7 18. b3 a6 19. Nd1 Nc6 20. Ne3 b5 21. axb5
axb5 22. g4 Ne7 23. f5 exf5 24. gxf5 d5 25. Bh4 f6 26. Qf2 d4 27. Nf1 Qc6 28.
fxg6 hxg6 29. Nd2 g5 30. Bg3 f5 31. exf5 Qxg2+ 32. Qxg2 Bxg2+ 33. Kxg2 Nxf5 34.
Ne4 Rc6 35. Rg1 Bh6 36. Kh1 c4 37. bxc4 bxc4 38. Be5 Kf7 39. Ng3 Nxg3+ 40. hxg3
Rd8 41. Rgf1+ Kg6 42. dxc4 Bg7 43. Bxg7 1/2-1/2

[Event "59582 II. Sinus IM"]
[Site "Budapest, Hungary"]
[Date "2011.08.23"]
[Round "4"]
[White "Galyas, Miklos"]
[Black "Kormos, Adam"]
[Result "1-0"]
[WhiteElo "2433"]
[BlackElo "2202"]
[PlyCount "103"]
[EventDate "2011.??.??"]
1. d4 Nf6 2. c4 g6 3. Nc3 d5 4. Nf3 Bg7 5. e3 O-O 6. Qb3 e6 7. Bd2 a6 8. cxd5
exd5 9. Be2 Nc6 10. O-O Ne7 11. Rfd1 Qd6 12. Rac1 Re8 13. a4 Nc6 14. Na2 Ne4
15. Be1 Bf8 16. Rc2 Rd8 17. Nc1 Qf6 18. Nd3 Bd6 19. Rdc1 g5 20. Nfe5 Qh6 21.
Bf1 Be6 22. f3 f6 23. fxe4 fxe5 24. Nxe5 Nxe5 25. dxe5 Bxe5 26. h3 dxe4 27.
Qxb7 Bd5 28. Bc4 c6 29. Bxd5+ cxd5 30. Rc8 Raxc8 31. Rxc8 Qf8 32. Bb4 Qe8 33.
Rxd8 Qxd8 34. Be7 Qc7 35. Qxc7 Bxc7 36. Bxg5 Be5 37. b4 d4 38. exd4 Bxd4+ 39.
Kf1 Kf7 40. Ke2 Ke6 41. Be3 Bc3 42. b5 axb5 43. axb5 Kd5 44. g4 Be5 45. h4 Bd6
46. h5 Be5 47. g5 Ke6 48. b6 Kf5 49. b7 Ke6 50. g6 hxg6 51. h6 Kf7 52. Bd4 1-0

[Event "59582 II. Sinus IM"]
[Site "Budapest, Hungary"]
[Date "2011.08.23"]
[Round "4"]
[White "Csonka, Balazs"]
[Black "Roos, Jean-Luc"]
[Result "1-0"]
[WhiteElo "2264"]
[BlackElo "2207"]
[PlyCount "59"]
[EventDate "2011.??.??"]
1. d4 e6 2. c4 d5 3. Nc3 Nf6 4. cxd5 exd5 5. Bg5 c6 6. Qc2 Be7 7. e3 Nbd7 8.
Bd3 Nf8 9. Nf3 Nh5 10. Bxe7 Qxe7 11. O-O Ng6 12. h3 O-O 13. Rab1 a5 14. a3 f5
15. b4 Nf6 16. b5 Ne4 17. bxc6 bxc6 18. Na4 Ba6 19. Bxa6 Rxa6 20. Nc5 Ra7 21.
Rfc1 f4 22. Nxe4 dxe4 23. Nd2 fxe3 24. fxe3 Qg5 25. Nf1 Qe7 26. Qxc6 Qxa3 27.
Qxe4 Raa8 28. Rc7 Qa2 29. Rbb7 Qf2+ 30. Kh2 1-0

[Event "59582 II. Sinus IM"]
[Site "Budapest, Hungary"]
[Date "2011.08.23"]
[Round "4"]
[White "Keschitz, Gyorgy"]
[Black "Chetverik, Maxim"]
[Result "1/2-1/2"]
[WhiteElo "2307"]
[BlackElo "2296"]
[PlyCount "102"]
[EventDate "2011.??.??"]
1. Nf3 f5 2. g3 Nf6 3. Bg2 e6 4. O-O Be7 5. c4 O-O 6. d4 Ne4 7. Nfd2 d5 8. Qb3
Kh8 9. Nc3 Nxd2 10. Bxd2 c6 11. Bf4 Nd7 12. Rad1 Nb6 13. c5 Nc4 14. e4 g5 15.
Bc1 b6 16. exd5 exd5 17. Rfe1 Bf6 18. Qc2 b5 19. b3 Na5 20. Bf3 a6 21. Bh5 Ra7
22. h4 h6 23. Kg2 Re7 24. Rh1 Kg7 25. Ne2 Qd7 26. hxg5 hxg5 27. g4 Rxe2 28.
Qxe2 fxg4 29. Qd3 Qf5 30. Qxf5 Bxf5 31. Rhe1 Rh8 32. Be8 Be4+ 33. Rxe4 dxe4 34.
Bd7 Rd8 35. Bxg4 Rxd4 36. Be3 Rxd1 37. Bxd1 Nb7 38. Bg4 a5 39. Bc8 Nd8 40. Bd7
Kf7 41. Kh3 Ke7 42. Bf5 Ne6 43. Bxe4 Bd4 44. Bd2 Bxf2 45. Bxa5 Bxc5 46. b4 Bd6
47. Bxc6 Nf4+ 48. Kg4 Nd3 49. Bxb5 Nxb4 50. a4 Nd5 51. Kxg5 Bb4 1/2-1/2

[Event "59582 II. Sinus IM"]
[Site "Budapest, Hungary"]
[Date "2011.08.23"]
[Round "4"]
[White "Kantor, Gergely"]
[Black "Brustkern, Juergen"]
[Result "1-0"]
[WhiteElo "2255"]
[BlackElo "2281"]
[PlyCount "59"]
[EventDate "2011.??.??"]
1. d4 Nf6 2. c4 g6 3. Nc3 Bg7 4. e4 d6 5. Nf3 O-O 6. h3 e5 7. d5 Nh5 8. g3 a5
9. Nh2 Na6 10. Be2 Nc5 11. Ng4 Kh8 12. Nh6 Nf6 13. Bg5 Qe8 14. Qc2 c6 15. h4
Bd7 16. O-O-O cxd5 17. exd5 a4 18. h5 e4 19. Rh4 gxh5 20. Rdh1 Rc8 21. Bxf6
Bxf6 22. Rxh5 Qe7 23. Ng4 Bg5+ 24. Ne3 f5 25. Qd1 Rf7 26. Kb1 a3 27. Ng2 Rg8
28. Nf4 Qe5 29. Qd2 Rfg7 30. Ng6+ 1-0

[Event "59582 II. Sinus IM"]
[Site "Budapest, Hungary"]
[Date "2011.08.23"]
[Round "4"]
[White "Ondozi, Murtez"]
[Black "Zentai, Peter"]
[Result "1/2-1/2"]
[WhiteElo "2355"]
[BlackElo "2311"]
[PlyCount "107"]
[EventDate "2011.??.??"]
1. d4 Nf6 2. c4 e6 3. Nc3 Bb4 4. Qc2 O-O 5. a3 Bxc3+ 6. Qxc3 b6 7. Nf3 d6 8. g3
Nbd7 9. Bg2 Bb7 10. O-O Rc8 11. b4 c5 12. dxc5 bxc5 13. Bb2 Qe7 14. Nd2 Bxg2
15. Kxg2 Nb6 16. Qb3 d5 17. bxc5 dxc4 18. Bxf6 gxf6 19. Nxc4 Qxc5 20. Nxb6 Qxb6
21. Qf3 Qc6 22. e4 Qc3 23. Qf4 Rfd8 24. Rac1 Qe5 25. Qe3 Rxc1 26. Rxc1 Rd4 27.
Re1 Kg7 28. h4 Ra4 29. Re2 a6 30. Qf3 Rc4 31. Re3 a5 32. Qg4+ Kf8 33. Qf4 Qxf4
34. gxf4 Ke7 35. Kf3 Rc1 36. Kg4 Rf1 37. f3 Kf8 38. Rc3 Ra1 39. f5 e5 40. f4
Rg1+ 41. Kh3 exf4 42. Rf3 Re1 43. Rxf4 Re3+ 44. Kg4 Rxa3 45. Rf1 a4 46. Rc1 Ra2
47. Kh5 Re2 48. Rc4 a3 49. Ra4 a2 50. Kh6 Rxe4 51. Ra8+ Ke7 52. h5 Rf4 53. Rxa2
Rxf5 54. Ra7+ 1/2-1/2

[Event "59582 II. Sinus IM"]
[Site "Budapest, Hungary"]
[Date "2011.08.24"]
[Round "5"]
[White "Zentai, Peter"]
[Black "Galyas, Miklos"]
[Result "1/2-1/2"]
[WhiteElo "2311"]
[BlackElo "2433"]
[PlyCount "46"]
[EventDate "2011.??.??"]
1. d4 d5 2. Nf3 Nf6 3. c4 c6 4. Nc3 a6 5. e3 b5 6. b3 Bg4 7. Be2 e6 8. O-O Bd6
9. Bb2 O-O 10. h3 Bh5 11. Ne5 Bxe2 12. Nxe2 bxc4 13. bxc4 Nbd7 14. Qc2 Qc7 15.
cxd5 cxd5 16. Qxc7 Bxc7 17. Rfc1 Rfc8 18. Nf4 Nxe5 19. dxe5 Nd7 20. Nd3 Bb6 21.
Rxc8+ Rxc8 22. Rc1 Rxc1+ 23. Nxc1 Kf8 1/2-1/2

[Event "59582 II. Sinus IM"]
[Site "Budapest, Hungary"]
[Date "2011.08.24"]
[Round "5"]
[White "Chetverik, Maxim"]
[Black "Kantor, Gergely"]
[Result "0-1"]
[WhiteElo "2296"]
[BlackElo "2255"]
[PlyCount "110"]
[EventDate "2011.??.??"]
1. d4 Nf6 2. c4 e6 3. Nf3 Bb4+ 4. Bd2 Qe7 5. Nc3 Nc6 6. Qc2 d6 7. a3 Bxc3 8.
Bxc3 O-O 9. b4 e5 10. dxe5 Nxe5 11. Nxe5 dxe5 12. e3 Bg4 13. f3 Bh5 14. e4 Bg6
15. Bd3 Rfd8 16. O-O Nd7 17. c5 f6 18. Bc4+ Bf7 19. Bxf7+ Qxf7 20. c6 bxc6 21.
Be1 c5 22. bxc5 Nf8 23. Bf2 Ne6 24. Rfd1 Nd4 25. Bxd4 Rxd4 26. Rxd4 exd4 27.
Rd1 Rd8 28. Rd3 Qe6 29. Kf2 Qe5 30. Qc4+ Kh8 31. g3 h6 32. c6 Rd6 33. h4 Kh7
34. a4 Rd8 35. Qb5 Qe6 36. g4 Kh8 37. Kg3 Qd6+ 38. Kh3 Qf4 39. Qb2 Qd6 40. Qb7
a5 41. Kg2 Qe5 42. Qa7 h5 43. gxh5 f5 44. Rb3 fxe4 45. Rb8 exf3+ 46. Kxf3 Qd5+
47. Kg3 Qd6+ 48. Kg4 d3 49. Rxd8+ Qxd8 50. Qg1 d2 51. Qd1 Qd3 52. h6 Qe4+ 53.
Kg5 Qe5+ 54. Kg6 Qf6+ 55. Kh5 Qf5# 0-1

[Event "59582 II. Sinus IM"]
[Site "Budapest, Hungary"]
[Date "2011.08.24"]
[Round "5"]
[White "Roos, Jean-Luc"]
[Black "Keschitz, Gyorgy"]
[Result "0-1"]
[WhiteElo "2207"]
[BlackElo "2307"]
[PlyCount "46"]
[EventDate "2011.??.??"]
1. e4 c5 2. Nf3 Nc6 3. d4 cxd4 4. Nxd4 g6 5. Nc3 Bg7 6. Be3 Nf6 7. Be2 O-O 8.
Nb3 d6 9. O-O Be6 10. f3 Rc8 11. Nd5 Bxd5 12. exd5 Ne5 13. Rc1 Nc4 14. Bxc4
Rxc4 15. Qd3 b5 16. Bxa7 Qa8 17. Bf2 Nxd5 18. Rb1 Nf4 19. Qd2 b4 20. Nc1 Rfc8
21. Nd3 Bh6 22. Qe1 Nd5 23. b3 Rxc2 0-1

[Event "59582 II. Sinus IM"]
[Site "Budapest, Hungary"]
[Date "2011.08.24"]
[Round "5"]
[White "Kormos, Adam"]
[Black "Csonka, Balazs"]
[Result "1/2-1/2"]
[WhiteElo "2202"]
[BlackElo "2264"]
[PlyCount "85"]
[EventDate "2011.??.??"]
1. e4 e6 2. d4 d5 3. Nc3 Bb4 4. e5 b6 5. a3 Bf8 6. Nf3 Ne7 7. h4 h6 8. h5 a5 9.
g4 Ba6 10. Ne2 c5 11. c3 Nec6 12. Ng3 Bxf1 13. Kxf1 Be7 14. Kg2 Nd7 15. Ne1 b5
16. f4 c4 17. Rf1 Nb6 18. Be3 b4 19. Qc2 b3 20. Qd2 Kd7 21. Nf3 Qc7 22. Ng1
Rag8 23. f5 Nd8 24. N1e2 Kc6 25. Nf4 Bg5 26. Nh3 Bxe3 27. Qxe3 Nc8 28. Rf2 Ne7
29. Qf3 Qd7 30. Re1 Kb6 31. Nf1 Ka6 32. Ne3 Rf8 33. Kf1 g6 34. fxg6 fxg6 35.
Qxf8 Rxf8 36. Rxf8 g5 37. Re2 Nec6 38. Ref2 Qh7 39. Kg2 Qe4+ 40. R2f3 Qb1 41.
Rf2 Qe4+ 42. R2f3 Qb1 43. Rf2 1/2-1/2

[Event "59582 II. Sinus IM"]
[Site "Budapest, Hungary"]
[Date "2011.08.25"]
[Round "6"]
[White "Keschitz, Gyorgy"]
[Black "Kormos, Adam"]
[Result "1-0"]
[WhiteElo "2307"]
[BlackElo "2202"]
[PlyCount "67"]
[EventDate "2011.??.??"]
1. Nf3 c5 2. g3 Nc6 3. Bg2 e5 4. d3 g6 5. O-O Bg7 6. c3 Nge7 7. a4 O-O 8. Na3
a6 9. e4 d5 10. exd5 Nxd5 11. Nc4 b6 12. Re1 Bg4 13. h3 Bxf3 14. Qxf3 Nde7 15.
Bg5 f6 16. Be3 Rb8 17. Qd1 Qc7 18. Qb3 Kh8 19. a5 b5 20. Nb6 Rfd8 21. Red1 Nf5
22. Bxc5 Nxa5 23. Qa3 Nb7 24. d4 exd4 25. cxd4 Nxc5 26. dxc5 Ne7 27. Rd6 Rxd6
28. cxd6 Qxb6 29. dxe7 f5 30. Re1 Re8 31. Bd5 Bd4 32. Re6 b4 33. Qa4 Bxf2+ 34.
Kg2 1-0

[Event "59582 II. Sinus IM"]
[Site "Budapest, Hungary"]
[Date "2011.08.25"]
[Round "6"]
[White "Kantor, Gergely"]
[Black "Roos, Jean-Luc"]
[Result "1-0"]
[WhiteElo "2255"]
[BlackElo "2207"]
[PlyCount "81"]
[EventDate "2011.??.??"]
1. d4 e6 2. c4 d5 3. Nc3 Nf6 4. cxd5 exd5 5. Bg5 c6 6. Qc2 Be7 7. e3 Nbd7 8.
Bd3 O-O 9. Nge2 Re8 10. O-O Nf8 11. f3 Nh5 12. Bxe7 Rxe7 13. e4 dxe4 14. fxe4
Ne6 15. d5 Nc5 16. Bc4 b5 17. Nd4 bxc4 18. Nxc6 Qe8 19. Qe2 Nf6 20. Qxc4 Ncd7
21. Nxe7+ Qxe7 22. Rac1 Ne5 23. Qd4 Ba6 24. Rf5 Nfg4 25. h3 g6 26. d6 Qe6 27.
Rg5 Nd3 28. Rf1 Nge5 29. Nd5 Nc6 30. Qc3 Qxd6 31. Qxc6 Qxc6 32. Ne7+ Kg7 33.
Nxc6 Nxb2 34. Rb1 Nc4 35. Rb4 h6 36. Rc5 Nd6 37. Ra5 Bb7 38. e5 Bxc6 39. exd6
Rd8 40. Rd4 Rd7 41. Rc5 1-0